01059nam a2200289Ia 450000500170000000800410001702000190005810000350007724501590011225000190027130000430029049000310033353400240036458600420038865000380043065000430046870000290051170000390054094200150057926400260059433600270062033700330064733800280068004000350070808400110074399900150075420220317000945.0160825s2007 ck a g 000 0 spa  a978958042380121 aNöstlinger, Christinad1936-10aUn marido para mamácChristine Nöstlinger ; traducido por Felipe Lanchas González y Martha Antonieta Nalus Fuentes ; ilustrado por Neftalí Vanegas a1a. edición  a192 páginas bilustraciones c21 cm  aTorre de papel pamarilla  tEin Mann für Mama aPremio Hans Christian Andersen, 1984 142LEMBaNovela austriaca ySiglo XX142LEMB aLiteratura austriaca ySiglo XX1 aVanegas, Neftali 9635931 aLanchas González, Felipe 963594 2loccBKLIT aBogotábNormac2007 atextobtxt2rdacontent asin mediaciónbn2rdamedia avolumenbnc2rdacarrier aCO-BoRNBPbspaerdacCO-BoRNBP aN NOS1 c5515d5515